MARC details
| 000 -LEADER |
| fixed length control field |
01429cam a2200337 4500 |
| 001 - CONTROL NUMBER |
| control field |
##L133911 |
| 008 - FIXED-LENGTH DATA ELEMENTS--GENERAL INFORMATION |
| fixed length control field |
060619n2006 000 0 eng u |
| 020 ## - INTERNATIONAL STANDARD BOOK NUMBER |
| International Standard Book Number |
0110744128 |
| 035 ## - SYSTEM CONTROL NUMBER |
| System control number |
(Sirsi) u133911 |
| 041 0# - LANGUAGE CODE |
| Language code of text/sound track or separate title |
eng |
| 245 04 - TITLE STATEMENT |
| Title |
The Waste Management (England and Wales) Regulations 2006 |
| 260 ## - PUBLICATION, DISTRIBUTION, ETC. |
| Place of publication, distribution, etc. |
London |
| Name of publisher, distributor, etc. |
TSO |
| Date of publication, distribution, etc. |
2006 |
| 490 #0 - SERIES STATEMENT |
| Series statement |
SI |
| Volume/sequential designation |
2006: 937 |
| 520 ## - SUMMARY, ETC. |
| Summary, etc. |
Implement in part in England and Wales the waste framework directive (Directive 75/442/EEC) and the landfill directive (Directive 1999/31/EC). Amend the Environment Act 1990 ss33, 33B, 33C, 63 and 75. |
| 650 24 - SUBJECT ADDED ENTRY--TOPICAL TERM |
| Topical term or geographic name entry element |
WASTE MANAGEMENT (ENGLAND AND WALES) REGULATIONS 2006 |
| 650 24 - SUBJECT ADDED ENTRY--TOPICAL TERM |
| Topical term or geographic name entry element |
DIRECTIVE 75/442/EEC |
| 650 24 - SUBJECT ADDED ENTRY--TOPICAL TERM |
| Topical term or geographic name entry element |
DIRECTIVE 1999/31/EC |
| 650 24 - SUBJECT ADDED ENTRY--TOPICAL TERM |
| Topical term or geographic name entry element |
ENVIRONMENT ACT 1990 S33 |
| 650 24 - SUBJECT ADDED ENTRY--TOPICAL TERM |
| Topical term or geographic name entry element |
ENVIRONMENT ACT 1990 S33B |
| 650 24 - SUBJECT ADDED ENTRY--TOPICAL TERM |
| Topical term or geographic name entry element |
ENVIRONMENT ACT 1990 S33C |
| 650 24 - SUBJECT ADDED ENTRY--TOPICAL TERM |
| Topical term or geographic name entry element |
ENVIRONMENT ACT 1990 S63 |
| 650 24 - SUBJECT ADDED ENTRY--TOPICAL TERM |
| Topical term or geographic name entry element |
ENVIRONMENT ACT 1990 S75 |
| 650 24 - SUBJECT ADDED ENTRY--TOPICAL TERM |
| Topical term or geographic name entry element |
ENVIRONMENT ACT 1995 |
| 650 24 - SUBJECT ADDED ENTRY--TOPICAL TERM |
| Topical term or geographic name entry element |
CONTROLLED WASTE REGULATIONS 1992 |
| 650 24 - SUBJECT ADDED ENTRY--TOPICAL TERM |
| Topical term or geographic name entry element |
CONTROLLED WASTE (REGISTRATION OF CARRIERS AND SEIZURE OF VEHICLES) REGULATIONS 1991 |
| 650 24 - SUBJECT ADDED ENTRY--TOPICAL TERM |
| Topical term or geographic name entry element |
WASTE MANAGING LICENSING REGULATIONS 1994 SCHED 4 |
| 651 #4 - SUBJECT ADDED ENTRY--GEOGRAPHIC NAME |
| Geographic name |
England and Wales |
| Chronological subdivision |
1543- |
| 690 ## - LOCAL SUBJECT ADDED ENTRY--TOPICAL TERM (OCLC, RLIN) |
| Topical term or geographic name as entry element |
ENVIRONMENTAL AND LAND CONSULTANCY-WASTE MANAGEMENT |
| 856 40 - ELECTRONIC LOCATION AND ACCESS |
| Uniform Resource Identifier |
<a href="https://www.opsi.gov.uk/si/si2006/20060937.htm">https://www.opsi.gov.uk/si/si2006/20060937.htm</a> |
| Public note |
View the Statutory Instrument free of charge at www.opsi.gov.uk... |
| 942 ## - ADDED ENTRY ELEMENTS (KOHA) |
| Suppress in OPAC |
0 |